El misterio de las catedrales /

Furkejuvvon:
Bibliográfalaš dieđut
Váldodahkki: Fulcanelli (autor)
Eará dahkkit: Canseliet, Eugène (prólogo) (prólogo)
Materiálatiipa: Girji
Giella:espánnjágiella
Almmustuhtton: Barcelona, España : Plaza y Janés, 1970, c1970
Ráidu:(Rotativa) [s.n.]
Fáttát:
Fáddágilkorat: Lasit fáddágilkoriid
Eai fáddágilkorat, Lasit vuosttaš fáddágilkora!

MARC

LEADER 00000nam^a2200000^a^4500
001 000136798
005 20250521000000.0
009 20260310095333.058
037 |a Acervo ITESO - Biblioteca 
041 |a ESP 
082 |a 723. 5  |b FUL 
100 |a Fulcanelli  |e (autor) 
245 1 3 |a El misterio de las catedrales /  |c Fulcanelli ; pról. de E. Canseliet ; tr. por J. Ferrer Aleu. 
264 4 |a Barcelona, España :  |b Plaza y Janés,  |c 1970, c1970 
300 |a 206 p. 
336 |a texto  |b txt  |2 rdacontenido 
337 |a sin mediación  |b n  |2 rdamedio 
338 |a volumen  |b nc  |2 rdasoporte 
440 1 |a (Rotativa) [s.n.] 
649 |a XX 
650 |a Catedrales -  |z Europa -  |x Tema Principal 
650 |a Templos Cristianos -  |z Europa 
650 |a Alquimia -  |x Tema Principal 
650 |a Esoterismo 
650 |a Cosmovisión -  |z Europa -  |x Historia -  |y 476-1492 
650 |a Arte y Simbolismo Cristianos -  |x Tema Principal 
650 |a Arquitectura Religiosa 
650 |a Arquitectura Gótica 
650 |a Arquitectura Francesa 
650 |a Arte Religioso 
650 |a Arte Gótico 
650 |a Arte Francés 
650 |a Europa -  |x Historia -  |y 476-1492 
650 |a Edad Media -  |x Historia 
700 |a Canseliet, Eugène  |e (prólogo) 
910 |a Fondo Salvador Reynoso Reynoso 
920 |a Impresos - Libros 
930 |a Fondos Especiales 
905 |a 112 
901 |a 0800013891  |b IT2  |c ESP  |u 20250521 
902 |a https://opac.biblio.iteso.mx/vufind/Record/000136798